Librería de escribanos, è instrucción jurídica teórico practica de principiantes (Record no. 8560)
[ view plain ]
| 000 -CABECERA | |
|---|---|
| campo de control de longitud fija | 00987nam a2200229 a 4500 |
| 001 - NÚMERO DE CONTROL | |
| campo de control | BRCA_8909 |
| 005 - FECHA Y HORA DE LA ÚLTIMA TRANSACCIÓN | |
| campo de control | 20190320210445.0 |
| 008 - DATOS DE LONGITUD FIJA--INFORMACIÓN GENERAL | |
| campo de control de longitud fija | 190617s1789----sp-#######---#000-0#spa-# |
| 041 ## - CÓDIGO DE LENGUA | |
| Código de lengua del texto/banda sonora o título independiente | spa |
| 044 ## - CÓDIGO DEL PAÍS DE LA ENTIDAD EDITORA/PRODUCTORA | |
| Código MARC del país | sp |
| 084 ## - OTRO NÚMERO DE CLASIFICACIÓN | |
| Número de clasificación | CO70 |
| Número de documento/Ítem | .F43 1789 |
| 100 1# - ENTRADA PRINCIPAL--NOMBRE DE PERSONA | |
| Nombre de persona | Febrero, Joseph |
| 9 (RLIN) | 22155 |
| 245 10 - MENCIÓN DE TÍTULO | |
| Título | Librería de escribanos, è instrucción jurídica teórico practica de principiantes |
| Resto del título | parte primera dividida en tres tomos: trata de testamentos, y contratos: obra utilísima para toda clase de personas |
| Mención de responsabilidad, etc. | su autor Don Joseph Febrero; Tomo primero. |
| 260 ## - PUBLICACIÓN, DISTRIBUCIÓN, ETC. | |
| Lugar de publicación, distribución, etc. | Madrid |
| Fecha de publicación, distribución, etc. | En la Imprenta de D. Pedro Marin |
| Lugar de fabricación/manufactura | 1789 |
| 300 ## - DESCRIPCIÓN FÍSICA | |
| Extensión | [30], 432 p. (t.1) |
| Dimensiones | 22 x 15.3 cm |
| 500 ## - NOTA GENERAL | |
| Nota general | Con privilegio, y licencias necesarias |
| 500 ## - NOTA GENERAL | |
| Nota general | Estado físico: presenta encuadernación en pergamino, con cintas rotas y presencia del pez de plata |
| 650 14 - PUNTO DE ACCESO ADICIONAL DE MATERIA--TÉRMINO DE MATERIA | |
| Término de materia o nombre geográfico como elemento de entrada | Derecho procesal |
| Subdivisión cronológica | Obras anteriores a 1800 |
| 9 (RLIN) | 21693 |
| 650 14 - PUNTO DE ACCESO ADICIONAL DE MATERIA--TÉRMINO DE MATERIA | |
| Término de materia o nombre geográfico como elemento de entrada | Derecho |
| Subdivisión de forma | Manual |
| Subdivisión cronológica | Obras anteriores a 1800 |
| 9 (RLIN) | 22156 |
| 902 ## - CATALOGADOR | |
| Iniciales | CFM |
| 942 ## - ELEMENTOS DE PUNTO DE ACCESO ADICIONAL (KOHA) | |
| Fuente del sistema de clasificación o colocación | Library of Congress Classification |
| Tipo de ítem Koha | Libros |
| Estado de retiro | Estado de pérdida | Estado dañado | No para préstamo | Localización permanente | Ubicación/localización actual | Fecha de adquisición | Total de préstamos | Signatura topográfica completa | Código de barras | Fecha visto por última vez | Precio válido a partir de | Tipo de ítem Koha |
|---|---|---|---|---|---|---|---|---|---|---|---|---|
| El ejemplar forma parte de la colección y puede ser consultado según las políticas vigentes. | Biblioteca del Museo Franz Mayer (Rogerio Casas-Alatriste) | Biblioteca del Museo Franz Mayer (Rogerio Casas-Alatriste) | 19/06/2017 | CO70 .F43 1789 | CFM00232 | 22/03/2019 | 22/03/2019 | Libros |